IMF Staff papers : Volume 22 No. 1.

This paper provides a survey of some major issues of incomes policy rather than an evaluation of individual countries' policies. It seeks to highlight and explain the changing emphasis of such policies in the three periods when they were widely adopted. After the War, incomes policies were impl...

وصف كامل

التفاصيل البيبلوغرافية
مؤلف مشترك: International Monetary Fund. Research Dept
التنسيق: دورية
اللغة:English
منشور في: Washington, D.C. : International Monetary Fund, 1975.
سلاسل:IMF Staff Papers; IMF Staff Papers ; No. 1975/001
الوصول للمادة أونلاين:Full text available on IMF
LEADER 02011cas a2200241 a 4500
001 AALejournalIMF010536
008 230101c9999 xx r poo 0 0eng d
020 |c 15.00 USD 
020 |z 9781451956405 
022 |a 1020-7635 
040 |a BD-DhAAL  |c BD-DhAAL 
110 2 |a International Monetary Fund.  |b Research Dept. 
245 1 0 |a IMF Staff papers :   |b Volume 22 No. 1. 
264 1 |a Washington, D.C. :  |b International Monetary Fund,  |c 1975. 
300 |a 1 online resource (279 pages) 
490 1 |a IMF Staff Papers 
500 |a <strong>Off-Campus Access:</strong> No User ID or Password Required 
500 |a <strong>On-Campus Access:</strong> No User ID or Password Required 
506 |a Electronic access restricted to authorized BRAC University faculty, staff and students 
520 3 |a This paper provides a survey of some major issues of incomes policy rather than an evaluation of individual countries' policies. It seeks to highlight and explain the changing emphasis of such policies in the three periods when they were widely adopted. After the War, incomes policies were implemented in several European countries, in the context of scarcities of goods and shortage of foreign exchange. Policies involving a considerable element of compulsion were then associated with other restrictions, such as direction of labor and rationing. At current high rates of inflation and of unemployment, there is growing recognition of the threat that inflation poses to political and economic institutions. Although the recent results of incomes policy have not been striking, present circumstances may be more conducive for success. Experience suggests that incomes policy may be most effective in restraining wage and price increases under conditions of less than full employment. 
538 |a Mode of access: Internet 
830 0 |a IMF Staff Papers; IMF Staff Papers ;  |v No. 1975/001 
856 4 0 |z Full text available on IMF  |u http://elibrary.imf.org/view/journals/024/1975/001/024.1975.issue-001-en.xml  |z IMF e-Library